| 000 | 00000cam 2200000zi 4500 |
| 001 | 9.962956 |
| 003 | CaOODSP |
| 005 | 20260602083718 |
| 006 | m o d f |
| 007 | cr cn |||||||| |
| 008 | 260521e202512##onca ob f000 0 fre d |
| 020 | |a9780662039723 |
| 040 | |aCaOODSP|bfre|erda|cCaOODSP |
| 043 | |an-cn--- |
| 086 | 1 |aPS38-144/2026F-PDF |
| 245 | 00|aVérification de la dotation des cadres de direction / |cDirection de la vérification interne et de l'évaluation des programmes. |
| 264 | 1|a[Ottawa] : |bAgence des services frontaliers du Canada = Canada Border Services Agency, |cdécembre 2025. |
| 264 | 4|c©2025 |
| 300 | |a1 ressource en ligne (25 pages) : |billustrations |
| 336 | |atexte|btxt|2rdacontent/fre |
| 337 | |ainformatique|bc|2rdamedia/fre |
| 338 | |aressource en ligne|bcr|2rdacarrier/fre |
| 500 | |aPublié aussi en anglais sous le titre : Audit of executive staffing. |
| 504 | |aComprend des références bibliographiques. |
| 610 | 26|aAgence des services frontaliers du Canada|xAudit. |
| 650 | 6|aPersonnel|xSélection|zCanada|xAudit. |
| 710 | 2 |aAgence des services frontaliers du Canada. |bDirection de l'eĢvaluation des programmes et de la veĢrification interne, |eorganisme de publication. |
| 775 | 08|tAudit of executive staffing / |w(CaOODSP)9.962955 |
| 856 | 40|qPDF|s1.12 Mo|uhttps://publications.gc.ca/collections/collection_2026/asfc-cbsa/PS38-144-2026-fra.pdf |
| 856 | 4 |qHTML|sS.O.|uhttps://www.cbsa-asfc.gc.ca/agency-agence/reports-rapports/ae-ve/staffing-dotation/executive-cadres-fra.html |